| 000 | 00321nam a2200109Ia 4500 | ||
|---|---|---|---|
| 008 | 230907s9999||||xx |||||||||||||| ||und|| | ||
| 082 |
_a621.3 _b0288,FAU |
||
| 100 |
_aLiu, Jian _9115313 |
||
| 245 | 0 | _aFault location and service restoration for electrical distribution systems / | |
| 300 | _axii, 244 pages ; | ||
| 942 | _cBK | ||
| 999 |
_c598075 _d598075 |
||